000 00732nam a2200289Ia 4500
005 20260324130438.0
008 008 260324s9999 xx 000 0 eng d
020 _a9781410614667
037 _aEBOOK
040 _aCRL
040 _beng
040 _cCRL
041 _2eng
041 _aeng
084 _qCRL
100 _aMary-Lou Galician; Debra L. Merskin
_91181805
245 0 _aCritical Thinking About Sex, Love, and Romance in the Mass Media
245 0 _bMedia Literacy Applications
260 _bTaylor and Francis
260 _c2007
365 _a
365 _b230
856 _uhttp://www.taylorfrancis.com/books/9781410614667
942 _cEBOOK
999 _c1777987
_d1777987